| 000 | 01674nam a2200481 i 4500 | ||
|---|---|---|---|
| 001 | 40709 | ||
| 003 | KOSZ 005 | ||
| 005 | 20240904062937.0 | ||
| 008 | 970510s1993 pl a f f |000 0 pol | ||
| 015 | _aPB 1994/2450 | ||
| 020 | _a8385912258 | ||
| 035 | _a(OCoLC)749781952 | ||
| 040 |
_aWA N _cWA N _dKOSZ 005/HR |
||
| 046 | _k1986 | ||
| 080 | _a528.3/.4 | ||
| 080 | _a(075.8) | ||
| 100 | 1 |
_aKietlińska, Zofia _d(1913-1989) _eAutor |
|
| 245 | 1 | 0 |
_aPodstawy inżynierskich pomiarów geodezyjnych / _cZofia Kietlińska, Marek Sułek, Stanisław Walczak. |
| 250 | _a[Wyd. 4]. | ||
| 260 |
_aWarszawa : _bOficyna Wydawnicza Politechniki Warszawskiej, _c1993. |
||
| 300 |
_a365, [1] s. : _bfot., rys. wykr. ; _c24 cm. |
||
| 336 |
_2rdacontent _aTekst _btxt |
||
| 337 |
_2rdamedia _aBez urządzenia pośredniczącego _bn |
||
| 338 |
_2rdacarrier _aWolumin _bnc |
||
| 380 | _aKsiążki. | ||
| 380 | _aPublikacje dydaktyczne. | ||
| 385 |
_mPoziom nauczania. _aSzkoły wyższe. |
||
| 388 | _a1901-2000 | ||
| 388 | _a1945-1989 | ||
| 388 | _a1989-2000 | ||
| 500 | _aW innych poz. nazwa pierwszej aut. : Warchałowska-Kietlińska Zofia. | ||
| 504 | _aBibliogr. s. [366]. | ||
| 658 | _aGeografia i nauki o Ziemi | ||
| 658 | _aArchitektura i budownictwo | ||
| 650 | 4 | _aGeodezja | |
| 655 | 4 | _aPodręczniki akademickie | |
| 650 | 4 | _aPomiary | |
| 700 | 1 |
_aSułek, Marek. _eAutor |
|
| 710 | 2 |
_aPolitechnika Warszawska. _bOficyna Wydawnicza. _4pbl. |
|
| 700 | 1 |
_aWalczak, Stanisław _eAutor |
|
| 856 |
_uhttp://koha.tu.koszalin.pl/cgi-bin/koha/opac-detail.pl?biblionumber=40709 _yKatalog online BPK |
||
| 942 |
_2UKD _cKS |
||
| 999 |
_c40709 _d40709 |
||